Strategic Management (Record no. 20479)
[ view plain ]
| 000 -LEADER | |
|---|---|
| fixed length control field | 00377nam a22001457a 4500 |
| 082 ## - DEWEY DECIMAL CLASSIFICATION NUMBER | |
| Classification number | 658 pea |
| 100 ## - MAIN ENTRY--PERSONAL NAME | |
| Personal name | Pearce, J.A |
| 245 ## - TITLE STATEMENT | |
| Title | Strategic Management |
| 250 ## - EDITION STATEMENT | |
| Edition statement | 3 ED |
| 260 ## - PUBLICATION, DISTRIBUTION, ETC. | |
| Place of publication, distribution, etc. | Delhi |
| Name of publisher, distributor, etc. | RCHARD D IRWIN ,INC |
| Date of publication, distribution, etc. | 1988 |
| 300 ## - PHYSICAL DESCRIPTION | |
| Extent | xxiv, 987 p. : Ill. ; 22cm |
| 500 ## - GENERAL NOTE | |
| General note | Including Bibliographical References and Index |
| 650 ## - SUBJECT ADDED ENTRY--TOPICAL TERM | |
| Topical term or geographic name entry element | Richard B Robison, Jr |
| 942 ## - ADDED ENTRY ELEMENTS (KOHA) | |
| Koha item type | Books |
| Withdrawn status | Lost status | Damaged status | Not for loan | Collection code | Home library | Current library | Shelving location | Date acquired | Source of acquisition | Total Checkouts | Full call number | Barcode | Date last seen | Price effective from | Koha item type |
|---|---|---|---|---|---|---|---|---|---|---|---|---|---|---|---|
| Non-fiction | IFM Main Campus Library | IFM Main Campus Library | Archival Collection | 09/06/2021 | Purchase | 658PEA | 0000003487 | 08/22/2019 | 02/19/2022 | Books |
